000 00314nam a2200133Ia 4500
008 230312s9999||||xx |||||||||||||| ||und||
020 _a978-0500238578
082 _a749.09411
_bCOT-S
100 _aCotton;Ber
245 0 _aScottish Vernacular Furniture
260 _c2008
650 _aArchitecture
942 _cBK
999 _c14609
_d14609